[Event "GRE-chT 50th"]
[Site "Nikaia"]
[Date "2023.08.29"]
[Round "6.5"]
[White "Markantonaki, Haritomeni"]
[Black "Anemogianni, Savvina"]
[Result "1-0"]
[WhiteElo "2171"]
[BlackElo "1104"]
[PlyCount "83"]
[EventDate "2023.08.25"]
[EventType "team"]
[EventRounds "9"]
[EventCountry "GRE"]
[SourceTitle "EXT 2024"]
[Source "ChessBase"]
[SourceDate "2023.10.10"]
[SourceVersion "1"]
[SourceVersionDate "2023.10.10"]
[SourceQuality "1"]
[WhiteTeam "Ames Neas Erythreas"]
[BlackTeam "Neapolis Sykeon"]
[WhiteTeamCountry "GRE"]
[BlackTeamCountry "GRE"]

1. e4 c5 2. Nf3 Nc6 3. d4 cxd4 4. Nxd4 e5 5. Nb5 d6 6. c4 a6 7. N5c3 Nf6 8. Bd3 g6 9. 0-0 Bg7 10. Nd5 Nxd5 11. cxd5 Ne7 12. Nc3 0-0 13. Be3 Bd7 14. Qb3 Rb8 15. Bb6 Qe8 16. Bc7 Rc8 17. Bxd6 Qd8 18. Qb4 b6 19. Qxb6 f5 20. Qb4 Rf7 21. Bxa6 Ra8 22. Bxe7 Rxe7 23. d6 Re8 24. Bc4+ Kh8 25. a4 Qc8 26. Bb5 Rb8 27. Qa5 Bxb5 28. axb5 Qd7 29. Qc7 Red8 30. Ra7 Qxc7 31. dxc7 Rbc8 32. cxd8Q+ Rxd8 33. b6 Rb8 34. b7 Bf8 35. Ra8 Rxa8 36. bxa8Q Kg7 37. Rd1 Kh6 38. Qxf8+ Kg5 39. h4+ Kxh4 40. Qh6+ Kg4 41. f3+ Kg3 42. Ne2# 1-0

[Event "GRE-ch U12 Girls"]
[Site "Peristeri"]
[Date "2023.07.06"]
[Round "6"]
[White "Kontogianni, Vasiliki"]
[Black "Anemogianni, Savvina"]
[Result "1-0"]
[WhiteElo "1561"]
[BlackElo "1077"]
[PlyCount "85"]
[EventDate "2023.07.03"]
[EventType "swiss"]
[EventRounds "9"]
[EventCountry "GRE"]
[SourceTitle "EXT 2024"]
[Source "ChessBase"]
[SourceDate "2023.10.10"]
[SourceVersion "1"]
[SourceVersionDate "2023.10.10"]
[SourceQuality "1"]

1. d4 d5 2. Nf3 Nf6 3. e3 e6 4. Bd3 Bd6 5. 0-0 0-0 6. b3 Nbd7 7. Bb2 c5 8. Nbd2 b6 9. c4 Bb7 10. Ne5 Bxe5 11. dxe5 Ne4 12. Nxe4 dxe4 13. Bc2 Qc7 14. Qg4 Nxe5 15. Qf4 f6 16. Bxe4 Bxe4 17. Qxe4 Rad8 18. Rad1 Qc6 19. Qc2 Ng6 20. Rd2 Nh4 21. f3 Nf5 22. Re1 Rd7 23. e4 Nd6 24. e5 Nf5 25. Rxd7 Qxd7 26. Qe4 fxe5 27. Qxe5 Rf6 28. Qe4 Rg6 29. Bc3 Nd4 30. Bxd4 Qxd4+ 31. Qxd4 cxd4 32. Re4 e5 33. Rxe5 Rd6 34. Kf2 Kf7 35. Ke2 d3+ 36. Kd2 Kf6 37. Re3 h5 38. Rxd3 Rxd3+ 39. Kxd3 g6 40. Ke4 g5 41. f4 gxf4 42. Kxf4 a6 43. h3 1-0

[Event "GRE-chT U16 14th"]
[Site "Rio Achaia"]
[Date "2022.12.15"]
[Round "1"]
[White "Anemogianni, Savvina"]
[Black "Anastasaki, Anastasia St"]
[Result "1/2-1/2"]
[WhiteElo "1158"]
[BlackElo "1011"]
[PlyCount "77"]
[EventDate "2022.12.15"]
[EventType "team-swiss"]
[EventRounds "6"]
[EventCountry "GRE"]
[SourceTitle "EXT 2024"]
[Source "ChessBase"]
[SourceDate "2023.10.10"]
[SourceVersion "1"]
[SourceVersionDate "2023.10.10"]
[SourceQuality "1"]

1. e4 e5 2. Nf3 Nc6 3. d4 exd4 4. Nxd4 Bc5 5. Nb3 Bb6 6. Nc3 Nf6 7. Qe2 d6 8. Be3 Bxe3 9. Qxe3 Qe7 10. f3 a6 11. 0-0-0 Be6 12. Nd4 Bd7 13. Kb1 0-0-0 14. g3 d5 15. Nxc6 Bxc6 16. Bh3+ Kb8 17. e5 Ng8 18. Qd4 Nh6 19. f4 g6 20. g4 Rhg8 21. Rhg1 Qe6 22. Qd3 Qe8 23. g5 Nf5 24. Bxf5 gxf5 25. Qxf5 Rh8 26. Rge1 Qe6 27. Qxe6 fxe6 28. h4 Rhf8 29. Rf1 d4 30. Ne2 Bb5 31. Rf2 Bxe2 32. Rxe2 Rxf4 33. Rh2 Rf5 34. Re1 c5 35. b3 Kc7 36. Rd2 Rf4 37. Rh2 Rg4 38. Rf1 Rd7 39. Re1 1/2-1/2

[Event "EU-chT U12 Girls"]
[Site "Thessaloniki"]
[Date "2022.07.17"]
[Round "6.2"]
[White "Anemogianni, Savvina"]
[Black "Nurkiewicz, Anna"]
[Result "1/2-1/2"]
[WhiteElo "1165"]
[BlackElo "1303"]
[PlyCount "86"]
[EventDate "2022.07.12"]
[EventType "team-tourn"]
[EventRounds "7"]
[EventCountry "GRE"]
[SourceTitle "EXT 2023"]
[Source "ChessBase"]
[SourceDate "2022.10.05"]
[SourceVersion "1"]
[SourceVersionDate "2022.10.05"]
[SourceQuality "1"]
[WhiteTeam "Greece U12"]
[BlackTeam "Poland U12"]
[WhiteTeamCountry "GRE"]
[BlackTeamCountry "POL"]

1. e4 c5 2. Nf3 g6 3. c3 d5 4. exd5 Qxd5 5. d4 Bg4 6. Be2 cxd4 7. Qxd4 Qxd4 8. cxd4 Nc6 9. h3 Bxf3 10. Bxf3 Nxd4 11. Bxb7 Rb8 12. Be4 Bg7 13. Nc3 Nf6 14. Bd3 0-0 15. 0-0 Nd7 16. Rb1 Ne5 17. Be4 e6 18. Bf4 f5 19. Bxe5 Bxe5 20. Bd3 Kf7 21. Rfe1 Bf6 22. Bc4 Rfc8 23. Bd3 a5 24. Ne2 Rb4 25. Nxd4 Bxd4 26. b3 Kf6 27. Rbc1 Rc5 28. Rxc5 Bxc5 29. Rc1 Be7 30. Bc4 e5 31. Re1 Rb6 32. Rd1 Rd6 33. Rxd6+ Bxd6 34. Kf1 e4 35. Bg8 h6 36. Bc4 g5 37. Ke2 f4 38. Bd5 Ke5 39. Bc4 Bc5 40. Bf7 e3 41. f3 Ba3 42. Kd3 Kd6 43. Bc4 Kc5 1/2-1/2

[Event "EU-chT U12 Girls"]
[Site "Thessaloniki"]
[Date "2022.07.15"]
[Round "4.2"]
[White "Anemogianni, Savvina"]
[Black "Biro, Beata"]
[Result "0-1"]
[WhiteElo "1165"]
[BlackElo "1551"]
[PlyCount "76"]
[EventDate "2022.07.12"]
[EventType "team-tourn"]
[EventRounds "7"]
[EventCountry "GRE"]
[SourceTitle "EXT 2023"]
[Source "ChessBase"]
[SourceDate "2022.10.05"]
[SourceVersion "1"]
[SourceVersionDate "2022.10.05"]
[SourceQuality "1"]
[WhiteTeam "Greece U12"]
[BlackTeam "Hungary U12"]
[WhiteTeamCountry "GRE"]
[BlackTeamCountry "HUN"]

1. e4 c5 2. Nf3 e6 3. b3 Nc6 4. Bb2 d5 5. exd5 exd5 6. g3 Nf6 7. Bg2 Be7 8. 0-0 0-0 9. Nc3 Bg4 10. d3 h6 11. Qd2 Re8 12. Rfe1 Qc7 13. a3 Rad8 14. Ne2 Qb6 15. Nf4 c4 16. dxc4 dxc4 17. Qc3 cxb3 18. cxb3 Bc5 19. Nd3 Rxe1+ 20. Rxe1 Bf8 21. Nde5 Nxe5 22. Nxe5 Be6 23. b4 Nd5 24. Qc2 a5 25. Nc4 Qc7 26. Ne3 Qxc2 27. Nxc2 axb4 28. axb4 Nxb4 29. Nxb4 Bxb4 30. Ra1 b6 31. h4 Bc5 32. Ra7 Rd2 33. Ra8+ Kh7 34. Be4+ f5 35. Bc1 Rd1+ 36. Kg2 fxe4 37. Bf4 e3 38. fxe3 Bd5+ 0-1

[Event "EU-chT U12 Girls"]
[Site "Thessaloniki"]
[Date "2022.07.14"]
[Round "3.2"]
[White "Mutlu, Julide Aysu"]
[Black "Anemogianni, Savvina"]
[Result "1-0"]
[WhiteElo "1228"]
[BlackElo "1165"]
[PlyCount "75"]
[EventDate "2022.07.12"]
[EventType "team-tourn"]
[EventRounds "7"]
[EventCountry "GRE"]
[SourceTitle "EXT 2023"]
[Source "ChessBase"]
[SourceDate "2022.10.05"]
[SourceVersion "1"]
[SourceVersionDate "2022.10.05"]
[SourceQuality "1"]
[WhiteTeam "Turkey U12"]
[BlackTeam "Greece U12"]
[WhiteTeamCountry "TUR"]
[BlackTeamCountry "GRE"]

1. Nf3 d5 2. b3 Bg4 3. Bb2 Nd7 4. d4 Ngf6 5. Nbd2 e6 6. e3 Bd6 7. Be2 0-0 8. 0-0 h6 9. c4 c6 10. Ne5 Bxe2 11. Qxe2 Qc7 12. f4 Bb4 13. Ndf3 Ne4 14. Rac1 Nxe5 15. fxe5 Qa5 16. a3 Be7 17. Qe1 Qxe1 18. Rcxe1 Rac8 19. Re2 g6 20. Nd2 Nxd2 21. Rxd2 Bg5 22. Re2 h5 23. e4 dxc4 24. bxc4 Rfd8 25. Rd1 b5 26. cxb5 cxb5 27. d5 exd5 28. exd5 Rc5 29. d6 Kf8 30. Bd4 Rd5 31. Kf1 Bf4 32. g3 Bg5 33. h4 Bh6 34. Ke1 a6 35. Bb6 Rxd1+ 36. Kxd1 Rd7 37. Rc2 Bg7 38. Rc8+ 1-0

[Event "EU-chT U12 Girls"]
[Site "Thessaloniki"]
[Date "2022.07.13"]
[Round "2.2"]
[White "Anemogianni, Savvina"]
[Black "Levitan, Liel"]
[Result "1/2-1/2"]
[WhiteElo "1165"]
[BlackElo "1473"]
[PlyCount "108"]
[EventDate "2022.07.12"]
[EventType "team-tourn"]
[EventRounds "7"]
[EventCountry "GRE"]
[SourceTitle "EXT 2023"]
[Source "ChessBase"]
[SourceDate "2022.10.05"]
[SourceVersion "1"]
[SourceVersionDate "2022.10.05"]
[SourceQuality "1"]
[WhiteTeam "Greece U12"]
[BlackTeam "Israel U12"]
[WhiteTeamCountry "GRE"]
[BlackTeamCountry "ISR"]

1. e4 e5 2. Nf3 Nc6 3. d4 exd4 4. Nxd4 Nf6 5. Nc3 Bb4 6. Nxc6 bxc6 7. Bd3 0-0 8. 0-0 d5 9. exd5 cxd5 10. Bg5 c6 11. h3 Bd6 12. Qf3 Rb8 13. Rab1 Be6 14. Rfe1 h6 15. Bh4 c5 16. Bf5 Bxf5 17. Qxf5 Be7 18. Bg3 Rb6 19. Re5 Bd6 20. Ree1 Bxg3 21. fxg3 Qd6 22. Qf4 Qxf4 23. gxf4 Rb4 24. g3 Rfb8 25. b3 Rd4 26. Rbd1 Rxd1 27. Rxd1 d4 28. Ne2 Re8 29. Nc1 Ne4 30. Kg2 Nc3 31. Rf1 Re3 32. Rf3 Re1 33. Rf1 Rxf1 34. Kxf1 Ne4 35. Kg2 f5 36. Nd3 Nc3 37. Nxc5 Kf7 38. a4 Ke7 39. g4 g6 40. Nd3 Nd5 41. gxf5 gxf5 42. Kf3 Kd6 43. Ne5 Ke6 44. Nc6 a6 45. Nxd4+ Kf6 46. c4 Nb4 47. Ke3 Kg6 48. Kd2 Kf6 49. Kc3 a5 50. c5 Kg6 51. c6 Kf6 52. c7 Nd5+ 53. Kd3 Nxc7 54. Nc6 Nd5 1/2-1/2

[Event "EU-ch Schools U11 Girls"]
[Site "Rhodes"]
[Date "2022.04.27"]
[Round "7"]
[White "Anemogianni, Savvina"]
[Black "Janouskova, Eliska"]
[Result "1/2-1/2"]
[WhiteElo "1102"]
[BlackElo "1167"]
[PlyCount "84"]
[EventDate "2022.04.21"]
[EventType "swiss"]
[EventRounds "9"]
[EventCountry "GRE"]
[SourceTitle "CBM 208 Extra"]
[Source "ChessBase"]
[SourceDate "2022.07.31"]
[SourceVersion "1"]
[SourceVersionDate "2022.07.31"]
[SourceQuality "1"]

1. e4 c5 2. Nf3 e6 3. d4 cxd4 4. Nxd4 Nf6 5. Nc3 d6 6. Be2 Be7 7. 0-0 0-0 8. Be3 a6 9. Qd2 b5 10. Bf3 Bb7 11. e5 Nd5 12. Nxd5 Bxd5 13. Bxd5 exd5 14. exd6 Bxd6 15. Bf4 Bxf4 16. Qxf4 Qd7 17. Qg5 Nc6 18. Nf5 f6 19. Qg4 Ne5 20. Nh6+ Kh8 21. Qxd7 Nxd7 22. Nf5 Ne5 23. Rad1 Rac8 24. c3 Rfd8 25. Ne3 Nc4 26. Nxc4 dxc4 27. Rfe1 h6 28. Kf1 Kh7 29. Rb1 Kg6 30. Re6 Ra8 31. Rbe1 Ra7 32. Rb6 Rd2 33. Re2 Rd1+ 34. Re1 Rd2 35. Rb1 Kf7 36. Ke1 Rdd7 37. Rd1 Rxd1+ 38. Kxd1 Ke7 39. b3 cxb3 40. axb3 Kd7 41. c4 bxc4 42. bxc4 a5 1/2-1/2

[Event "EU-ch Schools U11 Girls"]
[Site "Rhodes"]
[Date "2022.04.21"]
[Round "1"]
[White "Patel, Diah Dipal"]
[Black "Anemogianni, Savvina"]
[Result "0-1"]
[WhiteElo "1318"]
[BlackElo "1102"]
[PlyCount "150"]
[EventDate "2022.04.21"]
[EventType "swiss"]
[EventRounds "9"]
[EventCountry "GRE"]
[SourceTitle "CBM 208 Extra"]
[Source "ChessBase"]
[SourceDate "2022.07.31"]
[SourceVersion "1"]
[SourceVersionDate "2022.07.31"]
[SourceQuality "1"]

1. e4 c5 2. Nc3 e6 3. g3 Nc6 4. Bg2 a6 5. Nge2 Nf6 6. d3 Be7 7. f4 d6 8. Be3 d5 9. e5 Nd7 10. d4 cxd4 11. Nxd4 Bc5 12. Nxc6 bxc6 13. Bxc5 Nxc5 14. 0-0 0-0 15. h4 Qb6 16. Qd4 Nd7 17. Qxb6 Nxb6 18. h5 h6 19. g4 Nc4 20. g5 hxg5 21. fxg5 Nxe5 22. h6 gxh6 23. gxh6 Kh7 24. Rae1 Ng4 25. Rf4 e5 26. Rb4 Kxh6 27. Bf3 e4 28. Nxe4 dxe4 29. Rexe4 f5 30. Rec4 Bd7 31. Rb7 Ne5 32. Rh4+ Kg6 33. Bh5+ Kf6 34. Be2 Rg8+ 35. Kf1 Rgb8 36. Rh6+ Kg7 37. Rxb8 Rxb8 38. Rh5 Rxb2 39. Rg5+ Kf6 40. Rh5 Rxa2 41. Rh6+ Kg7 42. Rh2 a5 43. Rg2+ Ng4 44. Bc4 Ra4 45. Bb3 Rb4 46. Re2 Re4 47. Rd2 Be6 48. Bxe6 Rxe6 49. Rd7+ Kg6 50. Ra7 Ne3+ 51. Ke2 Nxc2+ 52. Kd1 Ne3+ 53. Kd2 Nc4+ 54. Kc3 Re4 55. Rc7 Ne5 56. Ra7 f4 57. Rxa5 f3 58. Ra1 f2 59. Rf1 Rf4 60. Kd2 Ng4 61. Ke2 Kh5 62. Kd2 Kh4 63. Ke2 Kg3 64. Rxf2 Rxf2+ 65. Kd3 c5 66. Kc4 Rf5 67. Kc3 Rf8 68. Kc4 Rc8 69. Kc3 c4 70. Kc2 c3 71. Kc1 c2 72. Kb2 c1Q+ 73. Ka2 Rc2+ 74. Kb3 Qb1+ 75. Ka3 Ra2# 0-1

[Event "EU-ch Hybrid U10 Girls"]
[Site "Tornelo INT"]
[Date "2021.10.15"]
[Round "8"]
[White "Ashotia, Barbare"]
[Black "Anemogianni, Savvina"]
[Result "1-0"]
[WhiteElo "1128"]
[BlackElo "1045"]
[PlyCount "105"]
[EventDate "2021.10.15"]
[EventType "swiss"]
[EventRounds "9"]
[EventCountry "NET"]
[SourceTitle "EXT 2023"]
[Source "ChessBase"]
[SourceDate "2022.10.05"]
[SourceVersion "1"]
[SourceVersionDate "2022.10.05"]
[SourceQuality "1"]
[WhiteTeam "Georgia"]
[BlackTeam "Greece"]
[WhiteTeamCountry "GEO"]
[BlackTeamCountry "GRE"]

1. e4 c5 2. c3 d5 3. exd5 Qxd5 4. d4 Nf6 5. Nf3 Bg4 6. Be2 e6 7. Be3 cxd4 8. cxd4 Nc6 9. Nc3 Qd6 10. 0-0 Be7 11. h3 Bh5 12. Qd2 0-0 13. Rfd1 Rfd8 14. Rac1 a6 15. b3 Nb4 16. Ne5 Bxe2 17. Qxe2 Nbd5 18. Qf3 Nxc3 19. Rxc3 Qd5 20. Qe2 Bd6 21. Nc4 Bc7 22. a4 Ne4 23. Rcd3 b5 24. Nd2 Qd6 25. g3 Nc5 26. Rc3 Nd7 27. axb5 axb5 28. Qxb5 Ba5 29. Rc2 Rdb8 30. Qd3 Qb4 31. Rc4 Qb7 32. Bf4 Rd8 33. Qe4 Qb5 34. Qc6 Qxc6 35. Rxc6 Nb6 36. Nc4 Nxc4 37. bxc4 Bc3 38. Be3 e5 39. d5 Rac8 40. Rxc8 Rxc8 41. d6 Ba5 42. c5 Kf8 43. Rb1 Ke8 44. Rb7 Kd8 45. Rxf7 Bb4 46. Bg5+ Ke8 47. d7+ Kxf7 48. dxc8Q h6 49. Qf5+ Kg8 50. c6 Bf8 51. c7 hxg5 52. c8Q e4 53. Qcxf8# 1-0

[Event "EU-ch Hybrid U10 Girls"]
[Site "Tornelo INT"]
[Date "2021.10.15"]
[Round "5"]
[White "Garcia Rodriguez, Adriana"]
[Black "Anemogianni, Savvina"]
[Result "1-0"]
[WhiteElo "1160"]
[BlackElo "1045"]
[PlyCount "153"]
[EventDate "2021.10.15"]
[EventType "swiss"]
[EventRounds "9"]
[EventCountry "NET"]
[SourceTitle "EXT 2023"]
[Source "ChessBase"]
[SourceDate "2022.10.05"]
[SourceVersion "1"]
[SourceVersionDate "2022.10.05"]
[SourceQuality "1"]
[WhiteTeam "Spain"]
[BlackTeam "Greece"]
[WhiteTeamCountry "ESP"]
[BlackTeamCountry "GRE"]

1. e4 c5 2. Nf3 d6 3. Nc3 Nf6 4. d4 cxd4 5. Nxd4 e6 6. Be2 Be7 7. 0-0 0-0 8. Be3 b6 9. Qd2 Bb7 10. Bf3 Nbd7 11. Ndb5 Ne5 12. Qe2 a6 13. Nd4 Nfd7 14. Nb3 Nxf3+ 15. Qxf3 Ne5 16. Qe2 Bg5 17. f4 Bf6 18. fxe5 Bxe5 19. Rad1 Qh4 20. g3 Qd8 21. Na4 a5 22. Nxb6 Rb8 23. Nc4 Ba6 24. Bd4 Qg5 25. Bxe5 dxe5 26. Nbxa5 Rxb2 27. Qd2 Qe7 28. Nxb2 Bxf1 29. Kxf1 f5 30. exf5 Rxf5+ 31. Kg2 Qa3 32. Nac4 Qf3+ 33. Kg1 h5 34. Qg2 Qc3 35. a3 Rg5 36. Qd2 Qf3 37. Qf2 Qg4 38. Ne3 Qe4 39. Nbc4 h4 40. Qg2 Qg6 41. Rd8+ Kh7 42. Qh3 Qh5 43. Kf2 hxg3+ 44. Kg2 gxh2+ 45. Kxh2 Qxh3+ 46. Kxh3 e4 47. Rd6 Rg6 48. Ne5 Rf6 49. N3g4 Rf8 50. Rxe6 Rc8 51. Rc6 Ra8 52. Nc4 Rf8 53. Nge5 Rf2 54. Ne3 Re2 55. N5g4 Rd2 56. a4 Rd4 57. Rc4 Rd6 58. Rxe4 Ra6 59. Rb4 Ra5 60. Nd1 Rc5 61. c3 Rh5+ 62. Kg3 Rd5 63. Nb2 Rd3+ 64. Nxd3 g6 65. a5 Kg7 66. a6 Kf7 67. a7 Ke6 68. Nf6 Kxf6 69. Ne5 Kxe5 70. a8Q Kf5 71. Qe4+ Kf6 72. Rb6+ Kg7 73. Qxg6+ Kf8 74. Rf6+ Ke7 75. Qf7+ Kd8 76. Ra6 Kc8 77. Ra8# 1-0

[Event "EU-ch Hybrid U10 Girls"]
[Site "Tornelo INT"]
[Date "2021.10.15"]
[Round "1"]
[White "Mateeva, Yana"]
[Black "Anemogianni, Savvina"]
[Result "1-0"]
[WhiteElo "1299"]
[BlackElo "1045"]
[PlyCount "149"]
[EventDate "2021.10.15"]
[EventType "swiss"]
[EventRounds "9"]
[EventCountry "NET"]
[SourceTitle "EXT 2023"]
[Source "ChessBase"]
[SourceDate "2022.10.05"]
[SourceVersion "1"]
[SourceVersionDate "2022.10.05"]
[SourceQuality "1"]
[WhiteTeam "Bulgaria"]
[BlackTeam "Greece"]
[WhiteTeamCountry "BUL"]
[BlackTeamCountry "GRE"]

1. e4 c5 2. Nc3 d6 3. Nf3 e6 4. d4 cxd4 5. Nxd4 Nf6 6. Bd3 Be7 7. 0-0 0-0 8. Bg5 Nbd7 9. Nf3 b6 10. Re1 Bb7 11. Bf4 Rc8 12. Nb5 e5 13. Bd2 Ra8 14. Bc4 Nc5 15. Nc3 Ncxe4 16. Nxe4 Nxe4 17. Bb4 a5 18. Ba3 Bg5 19. Bd5 Bxd5 20. Qxd5 Nc5 21. Bxc5 dxc5 22. Qxd8 Bxd8 23. Nxe5 Bf6 24. c3 Rad8 25. Nc4 Rb8 26. Rad1 h6 27. Rd6 Bd8 28. Red1 Bc7 29. Rd7 Rbc8 30. Nd6 Bxd6 31. R1xd6 Rfe8 32. Kf1 Rb8 33. Rc6 Re5 34. Rdd6 Rbe8 35. g3 b5 36. Rd2 Re1+ 37. Kg2 R1e2 38. Rxe2 Rxe2 39. b3 Rxa2 40. Rxc5 b4 41. cxb4 axb4 42. Rb5 Rb2 43. Rxb4 Kf8 44. Rb7 Ke8 45. h4 g5 46. hxg5 hxg5 47. Rb5 f6 48. Rb6 Ke7 49. Kf3 f5 50. Rb5 Ke6 51. Ke3 g4 52. f3 Rc2 53. fxg4 fxg4 54. Kf4 Rc7 55. Kxg4 Rg7+ 56. Kf4 Rf7+ 57. Ke4 Kf6 58. g4 Re7+ 59. Kf4 Rd7 60. g5+ Kg6 61. Rb6+ Kg7 62. Ke5 Re7+ 63. Kf5 Rf7+ 64. Kg4 Rd7 65. b4 Rd4+ 66. Kf5 Rd5+ 67. Kg4 Rd4+ 68. Kh5 Rf4 69. Rb7+ Kg8 70. g6 Kf8 71. Kg5 Rd4 72. b5 Rd5+ 73. Kh6 Kg8 74. Rb8+ Rd8 75. Rxd8# 1-0

[Event "GRE-ch U16 Girls"]
[Site "Patras"]
[Date "2021.07.02"]
[Round "1"]
[White "Gkika, Marina"]
[Black "Anemogianni, Savvina"]
[Result "1-0"]
[WhiteElo "1305"]
[BlackElo "1045"]
[PlyCount "99"]
[EventDate "2021.07.02"]
[EventType "swiss"]
[EventRounds "7"]
[EventCountry "GRE"]
[SourceTitle "EXT 2023"]
[Source "ChessBase"]
[SourceDate "2022.10.05"]
[SourceVersion "1"]
[SourceVersionDate "2022.10.05"]
[SourceQuality "1"]

1. e4 c5 2. Nf3 d6 3. c3 Nf6 4. h3 e6 5. Bd3 Be7 6. Bc2 0-0 7. d4 cxd4 8. cxd4 Nbd7 9. Nc3 b6 10. 0-0 Bb7 11. Re1 Rc8 12. Bg5 Re8 13. Rc1 h6 14. Be3 Rc7 15. Qd2 Bf8 16. Qe2 Qe7 17. Bd2 Nh7 18. Qe3 Qf6 19. Nb5 Rcc8 20. e5 dxe5 21. dxe5 Qe7 22. Nd6 Bxf3 23. Nxc8 Rxc8 24. Qxf3 Ng5 25. Bxg5 hxg5 26. Qh5 g6 27. Bxg6 fxg6 28. Qxg6+ Qg7 29. Qxg7+ Kxg7 30. Rxc8 Bb4 31. Re4 Bd2 32. Rc7 Bf4 33. Rxd7+ Kg6 34. Rxf4 gxf4 35. g4 fxg3 36. fxg3 Kf5 37. Rxa7 Kxe5 38. Rb7 Kd4 39. Rxb6 e5 40. Kf2 Kd3 41. Rd6+ Ke4 42. b4 Kf5 43. b5 e4 44. b6 e3+ 45. Kxe3 Ke5 46. Rh6 Kf5 47. b7 Kg5 48. Ra6 Kf5 49. b8Q Kg5 50. Qe5# 1-0

[Event "GRE-chT Online Rapid (Women) 1st"]
[Site "Tornelo INT"]
[Date "2021.02.21"]
[Round "7.11"]
[White "Anemogianni, Savvina"]
[Black "Tripolitaki, Eirini"]
[Result "1-0"]
[WhiteElo "1056"]
[BlackElo "1056"]
[PlyCount "85"]
[EventDate "2021.02.20"]
[EventType "team-swiss (rapid)"]
[EventRounds "9"]
[EventCountry "GRE"]
[SourceTitle "EXT 2023"]
[Source "ChessBase"]
[SourceDate "2022.10.05"]
[SourceVersion "1"]
[SourceVersionDate "2022.10.05"]
[SourceQuality "1"]

1. e4 e5 2. Nf3 Nc6 3. d4 exd4 4. Nxd4 Nxd4 5. Qxd4 Nf6 6. Nc3 b6 7. Bc4 d5 8. exd5 Bc5 9. Qd3 0-0 10. 0-0 Re8 11. Bg5 Qd6 12. Rfe1 Bd7 13. Qf3 Bd4 14. Bf4 Bg4 15. Bxd6 Bxf3 16. Bxc7 Bg4 17. h3 Bd7 18. Rad1 Bxc3 19. bxc3 Rac8 20. d6 Rxe1+ 21. Rxe1 Re8 22. Re7 b5 23. Bxf7+ Kf8 24. Bxe8 Bxe8 25. Re3 Nd5 26. Rf3+ Kg8 27. Bd8 Bc6 28. Be7 Nxe7 29. dxe7 h6 30. Rf8+ Kh7 31. e8Q Bxe8 32. Rxe8 b4 33. cxb4 g5 34. c4 a5 35. bxa5 h5 36. c5 g4 37. c6 gxh3 38. gxh3 h4 39. c7 Kg6 40. c8Q Kf7 41. Qe6+ Kg7 42. Re7+ Kf8 43. Qf7# 1-0

[Event "GRE-chT Online Rapid (Women) 1st"]
[Site "Tornelo INT"]
[Date "2021.02.21"]
[Round "9.10"]
[White "Tzakosta, Konstantina"]
[Black "Anemogianni, Savvina"]
[Result "1-0"]
[WhiteElo "1021"]
[BlackElo "1056"]
[PlyCount "55"]
[EventDate "2021.02.20"]
[EventType "team-swiss (rapid)"]
[EventRounds "9"]
[EventCountry "GRE"]
[SourceTitle "EXT 2023"]
[Source "ChessBase"]
[SourceDate "2022.10.05"]
[SourceVersion "1"]
[SourceVersionDate "2022.10.05"]
[SourceQuality "1"]

1. e4 c5 2. c3 d6 3. d4 cxd4 4. cxd4 Nf6 5. Nc3 e6 6. Bg5 Be7 7. Bb5+ Bd7 8. Bxd7+ Nbxd7 9. Nf3 0-0 10. e5 dxe5 11. dxe5 Ne8 12. Bxe7 Qxe7 13. 0-0 f6 14. Re1 fxe5 15. Nxe5 Nxe5 16. Rxe5 Qf6 17. Re2 Qg6 18. Qb3 Nc7 19. Qxb7 Qd3 20. Qxc7 Rac8 21. Qe5 Rfe8 22. Rd1 Qg6 23. Qe4 Qf6 24. Rd6 Qh6 25. Rxe6 Qc1+ 26. Re1 Qg5 27. Rxe8+ Rxe8 28. Qxe8# 1-0

[Event "GRE-chT Online Rapid (Women) 1st"]
[Site "Tornelo INT"]
[Date "2021.02.20"]
[Round "1.6"]
[White "Anemogianni, Savvina"]
[Black "Paroglou, Marianna"]
[Result "1-0"]
[WhiteElo "1056"]
[BlackElo "1436"]
[PlyCount "103"]
[EventDate "2021.02.20"]
[EventType "team-swiss (rapid)"]
[EventRounds "9"]
[EventCountry "GRE"]
[SourceTitle "EXT 2023"]
[Source "ChessBase"]
[SourceDate "2022.10.05"]
[SourceVersion "1"]
[SourceVersionDate "2022.10.05"]
[SourceQuality "1"]

1. e4 e6 2. b3 d5 3. Bb2 c5 4. Nf3 Nf6 5. e5 Nfd7 6. Be2 Nc6 7. Bb5 Qb6 8. a4 a6 9. Be2 d4 10. c3 Ndxe5 11. a5 Nxf3+ 12. Bxf3 Nxa5 13. cxd4 cxd4 14. Bxd4 Qxd4 15. Rxa5 Bc5 16. 0-0 0-0 17. Qc2 Be7 18. Ra4 Qd6 19. Nc3 Rb8 20. Ne4 Qd7 21. Re1 b5 22. Raa1 Bb7 23. Nc5 Bxc5 24. Bxb7 Qxb7 25. Qxc5 Rfc8 26. Qg5 Rc2 27. Re2 Qb6 28. h4 Qd6 29. h5 h6 30. Qe3 Rbc8 31. f3 R8c5 32. Rd1 Rxh5 33. Qe4 Rd5 34. Qxc2 Rc5 35. Qe4 Rd5 36. Qe3 Rc5 37. d3 Rc3 38. Qd2 Rxb3 39. Qc2 Qd4+ 40. Kf1 Rc3 41. Qd2 Rc5 42. Re4 Qd5 43. d4 Rc4 44. Qd3 a5 45. Ra1 a4 46. Rd1 b4 47. Re5 Qc6 48. d5 exd5 49. Qxd5 Qa6 50. Re8+ Kh7 51. Qf5+ g6 52. Qxf7# 1-0

[Event "GRE-ch Online Blitz (Women) 1st"]
[Site "Tornelo INT"]
[Date "2021.02.07"]
[Round "1"]
[White "Anemogianni, Savvina"]
[Black "Dereka, Konstantina"]
[Result "0-1"]
[WhiteElo "1056"]
[BlackElo "1363"]
[PlyCount "80"]
[EventDate "2021.02.07"]
[EventType "swiss (blitz)"]
[EventRounds "16"]
[EventCountry "GRE"]
[SourceTitle "EXT 2023"]
[Source "ChessBase"]
[SourceDate "2022.10.05"]
[SourceVersion "1"]
[SourceVersionDate "2022.10.05"]
[SourceQuality "1"]

1. e4 Nf6 2. Nc3 d5 3. exd5 Nxd5 4. Nf3 Nc6 5. Bc4 Nb6 6. Bb3 Bf5 7. 0-0 e6 8. d3 Be7 9. Bf4 0-0 10. Qd2 h6 11. Rfe1 Bf6 12. Rad1 a5 13. a3 Nd4 14. Nxd4 Bxd4 15. Be3 c5 16. Bxd4 cxd4 17. Ne4 Rc8 18. c4 a4 19. Ba2 Qc7 20. Ng3 Bg6 21. h3 e5 22. Re2 Nd7 23. Rde1 Rfe8 24. f4 Nc5 25. fxe5 Nxd3 26. Bb1 Nxe1 27. Rxe1 Bxb1 28. Rxb1 Qxe5 29. Re1 Qxe1+ 30. Qxe1 Rxe1+ 31. Kf2 Rb1 32. Ne2 Rxb2 33. Kf3 Rd8 34. Nf4 d3 35. Ke3 d2 36. Ne2 d1Q 37. Nc3 Qd3+ 38. Kf4 Rf2+ 39. Kg4 Rd4+ 40. Kh5 Qg6# 0-1

[Event "GRE-ch Online Blitz (Women) 1st"]
[Site "Tornelo INT"]
[Date "2021.02.07"]
[Round "5"]
[White "Anemogianni, Savvina"]
[Black "Kollia, Evgenia"]
[Result "0-1"]
[WhiteElo "1056"]
[BlackElo "1195"]
[PlyCount "64"]
[EventDate "2021.02.07"]
[EventType "swiss (blitz)"]
[EventRounds "16"]
[EventCountry "GRE"]
[SourceTitle "EXT 2023"]
[Source "ChessBase"]
[SourceDate "2022.10.05"]
[SourceVersion "1"]
[SourceVersionDate "2022.10.05"]
[SourceQuality "1"]

1. e4 c5 2. Nf3 d6 3. d4 cxd4 4. Nxd4 Nc6 5. Nc3 Nf6 6. Bc4 Bd7 7. 0-0 e5 8. Nf5 Bxf5 9. exf5 Qd7 10. Bd3 Be7 11. Bg5 0-0 12. Qf3 Nd4 13. Qh3 d5 14. Rfe1 e4 15. Bxf6 Bxf6 16. Be2 Nxc2 17. Rac1 Nxe1 18. Rxe1 Bxc3 19. bxc3 Qe7 20. Qg3 Qf6 21. Bg4 Rac8 22. Re3 b5 23. h4 Rc6 24. h5 h6 25. Kh2 Rfc8 26. Kg1 Rxc3 27. Rxc3 Rxc3 28. Qb8+ Kh7 29. Kh2 Rc6 30. Kh1 Qd6 31. Qe8 Rc1+ 32. Bd1 Rxd1# 0-1